000 01270nam2a22002531 4500
001 rc\905070
005 20250622103333.0
035 _a(NLR Aleph) 006242072
090 _a6675315
_c6675315
100 _a20041129d1984 |||y0rusy50 ca
101 0 _arus
102 _aRU
105 _ay |||||||||
200 0 _a... за 1979-1983 гг.
_f[Сост. Л.М. Соколенко]
210 _d1984
_aБ. м.
215 _a18 с.
225 1 _a...
_v№ 779/9-84
461 0 _1001rc\905069
_12001#$aУсиление производственной функции науки. Заводская наука$eЧастич. аннот. список кн., журн. ст., информ. материалов...$v... за 1979-1983 гг.
_96675309
_cЧеркассы
_d1984
_nОтд. подгот. и изд. информ. материалов отд-ния НИИТЭхима
_oЧастич. аннот. список кн., журн. ст., информ. материалов...
_tУсиление производственной функции науки. Заводская наука
_v... за 1979-1983 гг.
702 1 _aСоколенко
_bЛ.М.
_4220
801 0 _aRU
_bNLR
_gpsbo
801 1 _aRU
_bELAR
_2rusmarc
852 _aNLR
_bС
_jК-1/2754
942 _cBOOK
980 _aNB